MARC

LEADER 00000nam0a2200000 4500
001 193853
005 20231031182042.0
010 |a 5283021157 
035 |a (RuTPU)RU\TPU\book\211402 
090 |a 193853 
100 |a 20110330d1991 km y0rusy50 ca 
101 0 |a rus 
102 |a RU 
105 |a a z 001zy 
200 1 |a Специальные технологические процессы в электромашиностроении и средства автоматизации  |e сборник научных трудов  |f Всесоюзный научно-исследовательский институт электромашиностроения (ВНИИэлектромаш) ; под ред. В. Ф. Самарчанца 
210 |a Москва  |c Энергоатомиздат  |d 1991 
215 |a 69 с.  |c ил. 
320 |a Библиография в конце статей 
610 1 |a электрические машины 
610 1 |a электромашиностроение 
610 1 |a автоматизация 
610 1 |a технологические процессы 
610 1 |a электродвигатели переменного тока 
610 1 |a электродвигатели постоянного тока 
675 |a 621.313.002:658  |v 3 
702 1 |a Самарчанц  |b В. Ф.  |4 340 
712 0 2 |a Всесоюзный научно-исследовательский институт электромашиностроения (ВНИИэлектромаш)  |2 stltpush  |3 (RuTPU)RU\TPU\col\13871 
801 1 |a RU  |b 63413507  |c 20110330 
801 2 |a RU  |b 63413507  |c 20110418  |g RCR 
942 |c BK